00854 2200169 4500001002100000005001500021035002000036245004700056100001800103250001700121300003400138260003100172082001000203084001600213020002200229520043300251INLIS00000000000099920250323072517 a0010-03250000951 aDaur Hidup Bunga Matahari /cSandu Nurmaya0 aSandu Nurmaya acetakan ke-1 aii, 22 hlm :bilus ;c25,5 cm aSolo :bTiga Ananda,c2019 a581.4 a581.4 SAN d a978-623-206-273-3 a“Dari mana asal bunga matahari? Bagaimana bunga matahari tumbuh? Berapa lama waktu yang dibutuhkan bunga matahari untuk mekar? Buku ini dilengkapi fakta-fakta menakjubkan tentang bunga matahari dan daur hidupnya. Selain itu, ada penjelasan tentang biji yang tumbuh menjadi tanaman muda, lalu mekar. Foto-foto di dalamnya akan memudahkan kamu memahami isi buku ini. Selamat bertualang menjelajahi daur hidup bunga matahari! ”